| 000 | 00917nam a2200277 i 4500 | ||
|---|---|---|---|
| 001 | bg | ||
| 100 | 1 | _aEdel, Roman. | |
| 245 | 1 | 0 |
_aOdwodnienie dróg / _cRoman Edel. |
| 250 | _aWyd. 4 uaktualnione. | ||
| 260 |
_aWarszawa : _bWydawnictwa Komunikacji i Łączności, _c2009. |
||
| 300 |
_a411 s. : _bil. ; _c25 cm. |
||
| 504 | _aBibliogr. s. 402-406. Indeks. | ||
| 521 | 8 | _aDla studentów i inżynierów projektantów o specjalności budowa dróg i lotnisk, inżynieria sanitarna i ochrona środowiska. | |
| 650 | 9 |
_aDrogi _xodwadnianie |
|
| 655 | _aPodręczniki akademickie | ||
| 015 | _aPB 5517/2009 | ||
| 020 | _a9788320617177 | ||
| 040 | _cBPK | ||
| 041 | _apol | ||
| 044 | _aPOL | ||
| 080 | _a625.74(075.8) | ||
| 920 | _a978-83-206-1717-7 | ||
| 942 | _cKS | ||
| 008 | 090518s2009 pl a f f |001 0 pol | ||
| 999 |
_c56368 _d56368 |
||
| 856 |
_uhttp://koha.tu.koszalin.pl/cgi-bin/koha/opac-detail.pl?biblionumber=56368 _yKatalog online BPK |
||